000 00317pam a2200133 a 4500
020 _c
041 _h
082 _a614
_bWHO
100 _aJames Atkinson.
245 _aNatural Ventilation for Infection Control in Health-care Settings
_hTextual Documents
260 _bW.H.O.
_c2009
300 _a106.
930 _a9888
999 _c9881
_d9881